Statistics for French, Dutch or Belgian - Musicians/Bands

Click here to take the quiz!

General Stats

  • This quiz has been taken 100 times
  • The average score is 10 of 18

Answer Stats

QuestionAnswer% Correct
Daft PunkFrance
87%
StromaeBelgium
81%
TiëstoNetherlands
71%
Martin GarrixNetherlands
70%
VengaboysNetherlands
69%
Golden EarringNetherlands
63%
Within TemptationNetherlands
63%
Jacques BrelBelgium
61%
MilowBelgium
60%
M83France
56%
DesirelessFrance
52%
Shocking BlueNetherlands
51%
SoulsisterBelgium
47%
PhoenixFrance
46%
The Singing NunBelgium
45%
ModjoFrance
43%
Caravan PalaceFrance
42%
TechnotronicBelgium
35%

Score Distribution

Percentile by Number Answered

Percent of People with Each Score

Your Score History

You have not taken this quiz